Most common countries that will be accepted as answers in most Jetpunk quizzes - Statistics

General Stats
  • This quiz has been taken 182 times
    151 since last reset
  • The average score is 18 of 26
Answer Stats
The percentage of quiz that will accept the corresponding country as answer Answer % Correct
64% United States
99%
60% China
94%
40% United Kingdom
91%
32% France
89%
21% Spain
85%
36% Brazil
84%
42% Canada
84%
63% India
84%
52% Japan
84%
24% Mexico
84%
50% Russia
84%
24% Italy
83%
38% Germany
82%
30% Australia
81%
25% Egypt
76%
26% Indonesia
71%
14% South Africa
67%
32% South Korea
66%
20% New Zealand
57%
30% Saudi Arabia
56%
16% Switzerland
56%
13% D.R. Congo
41%
24% United Arab Emirates
28%
15% Algeria
26%
32% Singapore
23%
13% Monaco
11%
No matching quizzes found
Score Distribution
Percent of People with Each Score
Percentile by Number Answered
Your Score History
You have not taken this quiz since the last reset